00527nam a2200145Ia 4500008004100000245014800041260001700189260000900206300000900215650002300224650001200247856003000259999001900289952007300308170516s9999 xx 000 0 und d aNoninvasive Characterization of the Effect of Varying PLGA Molecular Weight Blends on In Situ Forming Implant Behavior Using Ultrasound Imaging bTheranostics c2012 a2:11 xMedical Technology xMedtech uhttp://www.thno.org/v2i11 c330570d330570 001040aCLbCLd2017-05-16l0r2017-05-16 00:00:00w2017-05-16yFOJ